HSL-alueen rautatieasemat - Statistics

Yleistilastot
  • Tätä visaa on pelattu 169 kertaa
  • Keskiarvotulos 31 / 46
Vastaustilastot
Vastaus % Oikein
Pasila
98%
Helsinki
93%
Kera
92%
Tikkurila
90%
Kerava
87%
Malmi
86%
Espoo
84%
Käpylä
83%
Leppävaara
83%
Ilmala
81%
Kirkkonummi
81%
Oulunkylä
81%
Kilo
78%
Huopalahti
76%
Myyrmäki
75%
Korso
73%
Pukinmäki
73%
Lentoasema
72%
Kauniainen
71%
Tapanila
71%
Puistola
70%
Hiekkaharju
69%
Martinlaakso
69%
Aviapolis
67%
Pohjois-Haaga
67%
Malminkartano
62%
Siuntio
62%
Kivistö
61%
Koivukylä
60%
Leinelä
60%
Vantaankoski
60%
Kauklahti
58%
Pitäjänmäki
58%
Savio
56%
Kannelmäki
55%
Rekola
54%
Valimo
53%
Tuomarila
52%
Louhela
51%
Mäkkylä
51%
Jokela
49%
Masala
49%
Koivuhovi
47%
Vehkala
46%
Tolsa
43%
Jorvas
40%
Ehtoja vastaavia visoja ei löytynyt
Tulosjakauma
Jokaisen tuloksen saaneiden osuus
Persentiili vastausten määrän mukaan
Tuloshistoriasi
Et ole pelannut tätä visaa